El cuento argentino (Record no. 6200)

MARC details
000 -LEADER
campo de control de longitud fija 01488nmc a2200445 a 4500
003 - IDENTIFICADOR DE NÚMERO DE CONTROL
campo de control AR-BaBNM
005 - FECHA Y HORA DE LA ÚLTIMA TRANSACCIÓN
campo de control 20251128204115.0
008 - DATOS DE LONGITUD FIJA--INFORMACIÓN GENERAL
campo de control de longitud fija 305019s1992 ||||||||||||||000 | spa||
020 ## - NÚMERO INTERNACIONAL ESTÁNDAR DEL LIBRO
Número Internacional Estándar del Libro 950-25-2680-5
040 ## - FUENTE DE CATALOGACIÓN
Centro/agencia transcriptor AR-BaBNM
245 10 - MENCIÓN DEL TÍTULO
Título El cuento argentino
Resto del título 1900-1930
260 ## - PUBLICACIÓN, DISTRIBUCIÓN, ETC.
Lugar de publicación, distribución, etc. Buenos Aires
Nombre del editor, distribuidor, etc. Centro Editor de América Latina
Fecha de publicación, distribución, etc. 1992
300 1# - DESCRIPCIÓN FÍSICA
Extensión X, 159 p.
490 #0 - MENCIÓN DE SERIE
Mención de serie Biblioteca básica Argentina. Serie B
500 0# - NOTA GENERAL
Nota general Notas por el profesor Eduardo Romano y Alberto Ascione
600 14 - PUNTO DE ACCESO ADICIONAL DE MATERIA--NOMBRE DE PERSONA
Nombre de persona González, Joaquín V.
Fechas asociadas al nombre 1863-1923
600 14 - PUNTO DE ACCESO ADICIONAL DE MATERIA--NOMBRE DE PERSONA
Nombre de persona Leguizamon, Martiniano
Fechas asociadas al nombre 1858-1935
600 14 - PUNTO DE ACCESO ADICIONAL DE MATERIA--NOMBRE DE PERSONA
Nombre de persona Lugones, Leopoldo
Fechas asociadas al nombre 1874-1938
600 14 - PUNTO DE ACCESO ADICIONAL DE MATERIA--NOMBRE DE PERSONA
Nombre de persona Gerchunoff, Alberto
Fechas asociadas al nombre 1883-1950
600 14 - PUNTO DE ACCESO ADICIONAL DE MATERIA--NOMBRE DE PERSONA
Nombre de persona Güiraldes, Ricardo
Fechas asociadas al nombre 1886-1927
600 14 - PUNTO DE ACCESO ADICIONAL DE MATERIA--NOMBRE DE PERSONA
Nombre de persona Lynch, Benito
Fechas asociadas al nombre 1880-1951
600 14 - PUNTO DE ACCESO ADICIONAL DE MATERIA--NOMBRE DE PERSONA
Nombre de persona Yunque, Alvaro
Fechas asociadas al nombre 1889-1982
600 14 - PUNTO DE ACCESO ADICIONAL DE MATERIA--NOMBRE DE PERSONA
Nombre de persona González Tuñon, Enrique
600 14 - PUNTO DE ACCESO ADICIONAL DE MATERIA--NOMBRE DE PERSONA
Nombre de persona Estrada, Angel de
Fechas asociadas al nombre 1872-1923
600 14 - PUNTO DE ACCESO ADICIONAL DE MATERIA--NOMBRE DE PERSONA
Nombre de persona Chiappori, Atilio
Fechas asociadas al nombre 1880-1947
600 14 - PUNTO DE ACCESO ADICIONAL DE MATERIA--NOMBRE DE PERSONA
Nombre de persona Payró, Roberto
Fechas asociadas al nombre 1867-1928
600 14 - PUNTO DE ACCESO ADICIONAL DE MATERIA--NOMBRE DE PERSONA
Nombre de persona Dávalos, Juan Carlos
Fechas asociadas al nombre 1887-1959
600 14 - PUNTO DE ACCESO ADICIONAL DE MATERIA--NOMBRE DE PERSONA
Nombre de persona Burgos, Fausto
Fechas asociadas al nombre 1888-1953
600 14 - PUNTO DE ACCESO ADICIONAL DE MATERIA--NOMBRE DE PERSONA
Nombre de persona Mariani, Roberto
Fechas asociadas al nombre 1892-1946
600 14 - PUNTO DE ACCESO ADICIONAL DE MATERIA--NOMBRE DE PERSONA
Nombre de persona Guerrero Estrella, Guillermo
Fechas asociadas al nombre 1891-1945
600 14 - PUNTO DE ACCESO ADICIONAL DE MATERIA--NOMBRE DE PERSONA
Nombre de persona Méndez Calzada, Enrique
Fechas asociadas al nombre 1898-1940
650 #4 - PUNTO DE ACCESO ADICIONAL DE MATERIA--TÉRMINO DE MATERIA
Término de materia o nombre geográfico como elemento de entrada LITERATURA ARGENTINA
650 #4 - PUNTO DE ACCESO ADICIONAL DE MATERIA--TÉRMINO DE MATERIA
Término de materia o nombre geográfico como elemento de entrada LITERATURA DE FICCION
653 #0 - TÉRMINO DE INDIZACIÓN--NO CONTROLADO
Término no controlado CUENTOS ARGENTINOS
655 ## - TERMINO DE INDIZACIÓN--GENERO/FORMA
Datos o término principal de género/forma LITERATURA
700 ## - ENTRADA AGREGADA--NOMBRE PERSONAL
Nombre de persona Romano, Eduardo
Término indicativo de función/relación prologuista
700 1# - ENTRADA AGREGADA--NOMBRE PERSONAL
Nombre de persona Ascione, Alberto
Término indicativo de función/relación comentarios
942 ## - ELEMENTOS DE ENTRADA SECUNDARIOS (KOHA)
Tipo de ítem Koha Libros
998 ## - INFORMACIÓN DE CONTROL LOCAL (RLIN)
Iniciales del catalogador, CIN (RLIN) Carmen
Holdings
Estatus retirado Estado de pérdida Fuente de la clasificación o esquema de estantería Estado de daño No para préstamo Biblioteca de origen Biblioteca actual Fecha de adquisición Total de préstamos Signatura topográfica completa Código de barras Visto por última vez Precio de reemplazo Tipo de ítem Koha
    Clasificación Decimal Dewey     Liberty Liberty 28/11/2025   860[82] C-BBA 79 092256 28/11/2025 28/11/2025 Libros
    Clasificación Decimal Dewey     Liberty Liberty 28/11/2025   860[82] C-BBA 79 092255 28/11/2025 28/11/2025 Libros